[Event "BRA-ch (Women) 62nd"]
[Site "Timbo"]
[Date "2023.10.30"]
[Round "3"]
[White "Bail, Ellen Larissa"]
[Black "Schultz, Rauanda"]
[Result "0-1"]
[WhiteElo "1927"]
[BlackElo "1634"]
[PlyCount "48"]
[EventDate "2023.10.29"]
[EventType "swiss"]
[EventRounds "9"]
[EventCountry "BRA"]
[SourceTitle "Mega2024 Update 01"]
[Source "Chessbase"]
[SourceDate "2023.11.12"]
[SourceVersion "1"]
[SourceVersionDate "2023.11.12"]
[SourceQuality "1"]

1. d4 d5 2. Nf3 Nf6 3. g3 c5 4. Bg2 cxd4 5. Nxd4 e5 6. Nf3 Nc6 7. 0-0 Bc5 8. Bg5 Be6 9. c3 a5 10. a4 Qb6 11. Bxf6 gxf6 12. Na3 0-0-0 13. Nb5 h5 14. h4 Rhg8 15. e3 Bxe3 16. fxe3 Rxg3 17. Qd2 Rdg8 18. Rf2 Bh3 19. Ne1 Rxe3 20. b4 Rxe1+ 21. Kh2 Rxa1 22. Bxh3+ Kb8 23. c4 Nxb4 24. cxd5 Ra2 0-1

[Event "BRA-ch (Women) 62nd"]
[Site "Timbo"]
[Date "2023.10.29"]
[Round "1"]
[White "Bail, Ellen Larissa"]
[Black "Garghetti, Julia"]
[Result "1-0"]
[WhiteElo "1927"]
[BlackElo "1364"]
[PlyCount "91"]
[EventDate "2023.10.29"]
[EventType "swiss"]
[EventRounds "9"]
[EventCountry "BRA"]
[SourceTitle "Mega2024 Update 01"]
[Source "Chessbase"]
[SourceDate "2023.11.12"]
[SourceVersion "1"]
[SourceVersionDate "2023.11.12"]
[SourceQuality "1"]

1. d4 d5 2. Nf3 Nf6 3. g3 Bf5 4. Bg2 c6 5. 0-0 e6 6. c4 Be7 7. Nc3 Nbd7 8. Nd2 0-0 9. e4 dxe4 10. Ndxe4 Nxe4 11. Nxe4 Nf6 12. Nc3 Qd7 13. h3 h6 14. Be3 Rac8 15. Qb3 c5 16. Rad1 Qc7 17. d5 Rfd8 18. Bf4 e5 19. Be3 b6 20. Nb5 Qd7 21. g4 Be4 22. f3 Bg6 23. f4 exf4 24. Bxf4 a6 25. Nc3 Qa7 26. a4 Bd6 27. Bxd6 Rxd6 28. Rde1 Qc7 29. Re3 Re8 30. Rxe8+ Nxe8 31. Ne4 Rd8 32. Qc3 Nd6 33. Nxd6 Qxd6 34. Re1 Qd7 35. a5 b5 36. b4 cxb4 37. Qxb4 Qa7+ 38. c5 Bd3 39. Qd4 Bc4 40. d6 Be6 41. Rd1 Qd7 42. c6 Qc8 43. d7 Qc7 44. Qb6 Qb8 45. c7 Qxb6+ 46. axb6 1-0

[Event "Florianopolis op 9th"]
[Site "Florianopolis"]
[Date "2023.01.26"]
[Round "5"]
[White "Bail, Ellen Larissa"]
[Black "Cordeiro, Marco Aurelio Zaror"]
[Result "1/2-1/2"]
[WhiteElo "1913"]
[BlackElo "2099"]
[PlyCount "103"]
[EventDate "2023.01.23"]
[EventType "swiss"]
[EventRounds "10"]
[EventCountry "BRA"]
[SourceTitle "CBM 212 Extra"]
[Source "ChessBase"]
[SourceDate "2023.03.31"]
[SourceVersion "1"]
[SourceVersionDate "2023.03.31"]
[SourceQuality "1"]

1. d4 Nf6 2. Nf3 e6 3. g3 b6 4. Bg2 Bb7 5. 0-0 Be7 6. c4 0-0 7. Nc3 d5 8. Ne5 c5 9. Be3 Nbd7 10. Nxd7 Qxd7 11. cxd5 exd5 12. dxc5 bxc5 13. Bg5 Rfd8 14. Rc1 Rac8 15. Qa4 Bc6 16. Qh4 Rb8 17. Rc2 Rb4 18. f4 h6 19. Bxf6 Bxf6 20. Qh5 Qb7 21. b3 c4 22. bxc4 Rxc4 23. Rfc1 Qb6+ 24. Kf1 Qc5 25. Nxd5 Bxd5 26. Bxd5 Rxc2 27. Bxf7+ Kf8 28. Qxc5+ Rxc5 29. Rxc5 Kxf7 30. Rc7+ Ke6 31. Rxa7 Kd5 32. Ra4 Bd4 33. Ra3 Ke4 34. Ra6 Rb8 35. Re6+ Kf5 36. Re7 Rb2 37. h3 Rxa2 38. e3 Bf6 39. e4+ Kg6 40. Rd7 Rh2 41. e5 Bxe5 42. fxe5 Rxh3 43. Kg2 Rh5 44. Re7 Rf5 45. g4 Rf4 46. Kg3 Rf1 47. Kg2 Rf8 48. Kg3 Rf1 49. Kg2 Ra1 50. Kf3 Ra4 51. Kg3 Ra3+ 52. Kf4 1/2-1/2

[Event "BRA-ch (Women) 61st"]
[Site "Recife"]
[Date "2022.12.19"]
[Round "5"]
[White "Bail, Ellen Larissa"]
[Black "Terao, Juliana Sayumi"]
[Result "0-1"]
[WhiteElo "1875"]
[BlackElo "2240"]
[PlyCount "26"]
[EventDate "2022.12.15"]
[EventType "swiss"]
[EventRounds "9"]
[EventCountry "BRA"]
[SourceTitle "EXT 2024"]
[Source "ChessBase"]
[SourceDate "2023.10.10"]
[SourceVersion "1"]
[SourceVersionDate "2023.10.10"]
[SourceQuality "1"]

1. d4 Nf6 2. Nf3 e6 3. g3 Be7 4. Bg2 0-0 5. 0-0 d5 6. c4 dxc4 7. Qc2 a6 8. a4 Nc6 9. Qxc4 Qd5 10. Nbd2 Rd8 11. e3 Qh5 12. h3 Nd5 13. Nb3 Ndb4 0-1

[Event "BRA-ch (Women) 61st"]
[Site "Recife"]
[Date "2022.12.18"]
[Round "4"]
[White "Tamarozi, Isabelle"]
[Black "Bail, Ellen Larissa"]
[Result "0-1"]
[WhiteElo "2005"]
[BlackElo "1875"]
[PlyCount "68"]
[EventDate "2022.12.15"]
[EventType "swiss"]
[EventRounds "9"]
[EventCountry "BRA"]
[SourceTitle "EXT 2024"]
[Source "ChessBase"]
[SourceDate "2023.10.10"]
[SourceVersion "1"]
[SourceVersionDate "2023.10.10"]
[SourceQuality "1"]

1. e4 e6 2. d4 d5 3. Nc3 Nf6 4. Bg5 dxe4 5. Nxe4 Be7 6. Bxf6 gxf6 7. Nf3 a6 8. Qe2 f5 9. Nc3 c5 10. 0-0-0 cxd4 11. Nxd4 Qc7 12. Kb1 b5 13. Qf3 Bb7 14. Qh5 Qb6 15. Bd3 Nd7 16. Nxe6 Qxe6 17. Rhe1 Nf6 18. Qh3 Ne4 19. f3 Nxc3+ 20. bxc3 Qf6 21. Bxf5 Rd8 22. Rxd8+ Kxd8 23. Rd1+ Bd6 24. f4 Kc7 25. Rd4 h6 26. Qd3 Rd8 27. g3 Bc6 28. Be4 Be7 29. Bxc6 Qxc6 30. Qf5 Bf6 31. Rxd8 Kxd8 32. Qd3+ Kc7 33. Kb2 b4 34. Kb3 Qxc3+ 0-1

[Event "BRA-ch (Women) 61st"]
[Site "Recife"]
[Date "2022.12.16"]
[Round "2"]
[White "Miranda, Marina Lima"]
[Black "Bail, Ellen Larissa"]
[Result "1/2-1/2"]
[WhiteElo "1647"]
[BlackElo "1875"]
[PlyCount "45"]
[EventDate "2022.12.15"]
[EventType "swiss"]
[EventRounds "9"]
[EventCountry "BRA"]
[SourceTitle "EXT 2024"]
[Source "ChessBase"]
[SourceDate "2023.10.10"]
[SourceVersion "1"]
[SourceVersionDate "2023.10.10"]
[SourceQuality "1"]

1. e4 e6 2. d4 d5 3. e5 c5 4. c3 Nc6 5. Nf3 Qb6 6. Bd3 cxd4 7. cxd4 Bd7 8. 0-0 Nxd4 9. Nxd4 Qxd4 10. Nc3 a6 11. Qe2 Ne7 12. Kh1 Nc6 13. f4 Nb4 14. Bb1 Bc5 15. f5 exf5 16. e6 fxe6 17. a3 Nc6 18. Bxf5 Rf8 19. Bg5 Ne7 20. Bxe6 Rf2 21. Rxf2 Qxf2 22. Qxf2 Bxf2 23. Nxd5 1/2-1/2

[Event "Niteroi op 2nd"]
[Site "Niteroi"]
[Date "2022.09.05"]
[Round "7"]
[White "Bail, Ellen Larissa"]
[Black "Marcondes, Igor Dalcol"]
[Result "0-1"]
[WhiteElo "1899"]
[BlackElo "1783"]
[PlyCount "106"]
[EventDate "2022.09.01"]
[EventType "swiss"]
[EventRounds "9"]
[EventCountry "BRA"]
[SourceTitle "CBM 210 Extra"]
[Source "ChessBase"]
[SourceDate "2022.11.30"]
[SourceVersion "1"]
[SourceVersionDate "2022.11.30"]
[SourceQuality "1"]

1. d4 d5 2. Nf3 c6 3. g3 Nf6 4. Bg2 Bf5 5. 0-0 h6 6. c4 e6 7. Nbd2 Nbd7 8. b3 Be7 9. Bb2 0-0 10. Ne5 Qa5 11. Nxd7 Nxd7 12. e4 dxe4 13. Nxe4 Nf6 14. Nc3 Ba3 15. Bxa3 Qxa3 16. Qe2 Rfd8 17. Rad1 Bg4 18. f3 Bf5 19. Ne4 Qe7 20. Rfe1 Rd7 21. Nc5 Rd6 22. Qe5 Nd7 23. Qxf5 exf5 24. Rxe7 Nxc5 25. Re5 Ne6 26. d5 f4 27. Rde1 cxd5 28. cxd5 Nc7 29. Re7 Nxd5 30. Rxb7 a6 31. Rd1 Rad8 32. Bf1 Ne3 33. Rxd6 Rxd6 34. Rb8+ Kh7 35. Be2 Rd2 36. Kf2 Rxa2 37. Rb4 Nd5 38. Ra4 Rxe2+ 39. Kxe2 Nc3+ 40. Kd3 Nxa4 41. bxa4 fxg3 42. hxg3 h5 43. a5 g5 44. f4 gxf4 45. gxf4 Kg6 46. Ke4 Kf6 47. Kf3 Kf5 48. Kg3 h4+ 49. Kxh4 Kxf4 50. Kh3 Kf3 51. Kh4 f5 52. Kg5 f4 53. Kf5 Ke3 0-1

[Event "Niteroi op 2nd"]
[Site "Niteroi"]
[Date "2022.09.04"]
[Round "5"]
[White "Bail, Ellen Larissa"]
[Black "Mendes Domingues, Ribeiro Matheus"]
[Result "0-1"]
[WhiteElo "1899"]
[BlackElo "2142"]
[PlyCount "67"]
[EventDate "2022.09.01"]
[EventType "swiss"]
[EventRounds "9"]
[EventCountry "BRA"]
[SourceTitle "CBM 210 Extra"]
[Source "ChessBase"]
[SourceDate "2022.11.30"]
[SourceVersion "1"]
[SourceVersionDate "2022.11.30"]
[SourceQuality "1"]

1. d4 d5 2. Nf3 Nf6 3. g3 e6 4. Bg2 b5 5. a4 b4 6. c4 bxc3 7. bxc3 Nbd7 8. 0-0 Bd6 9. c4 c6 10. Nc3 0-0 11. cxd5 exd5 12. a5 Rb8 13. Qc2 Ba6 14. Ba3 Bxa3 15. Rxa3 Re8 16. Rc1 Qe7 17. Ra2 Bc4 18. Raa1 Rb4 19. e3 Reb8 20. Nd2 Rb2 21. Qd1 c5 22. Nxc4 dxc4 23. a6 cxd4 24. exd4 Qb4 25. Bb7 Nb6 26. Rab1 Rxb1 27. Rxb1 Qxc3 28. Rxb6 axb6 29. a7 Rd8 30. a8Q Rxa8 31. Bxa8 Qb2 32. Bc6 b5 33. Bxb5 Qxb5 34. Qa1 0-1

[Event "Niteroi op 2nd"]
[Site "Niteroi"]
[Date "2022.09.04"]
[Round "6"]
[White "Pereira, Arthur Macedo"]
[Black "Bail, Ellen Larissa"]
[Result "1/2-1/2"]
[WhiteElo "1703"]
[BlackElo "1899"]
[PlyCount "69"]
[EventDate "2022.09.01"]
[EventType "swiss"]
[EventRounds "9"]
[EventCountry "BRA"]
[SourceTitle "CBM 210 Extra"]
[Source "ChessBase"]
[SourceDate "2022.11.30"]
[SourceVersion "1"]
[SourceVersionDate "2022.11.30"]
[SourceQuality "1"]

1. c4 e6 2. Nf3 d5 3. d4 Nf6 4. g3 c6 5. Qc2 b6 6. Bg2 Be7 7. 0-0 0-0 8. Nbd2 Ba6 9. b3 Nbd7 10. Rd1 Rc8 11. e4 dxe4 12. Nxe4 Nxe4 13. Qxe4 Nf6 14. Qc2 Qe8 15. Bb2 c5 16. Qd2 Bb7 17. Rac1 cxd4 18. Nxd4 Bxg2 19. Kxg2 Rc7 20. Qe2 Qa8+ 21. Qf3 Rd7 22. Nc6 Bd6 23. Bxf6 gxf6 24. Rd4 Rc8 25. Rxd6 Rxd6 26. Ne7+ Kg7 27. Nxc8 Qxc8 28. Re1 Qd8 29. Re4 Rd2 30. Rg4+ Kf8 31. Qf4 Qa8+ 32. Kh3 Qd8 33. Qh6+ Ke7 34. Rf4 f5 35. Qxh7 1/2-1/2

[Event "Niteroi op 2nd"]
[Site "Niteroi"]
[Date "2022.09.03"]
[Round "4"]
[White "Do Valle Cardoso, Lucas"]
[Black "Bail, Ellen Larissa"]
[Result "1-0"]
[WhiteElo "2162"]
[BlackElo "1899"]
[PlyCount "87"]
[EventDate "2022.09.01"]
[EventType "swiss"]
[EventRounds "9"]
[EventCountry "BRA"]
[SourceTitle "CBM 210 Extra"]
[Source "ChessBase"]
[SourceDate "2022.11.30"]
[SourceVersion "1"]
[SourceVersionDate "2022.11.30"]
[SourceQuality "1"]

1. e4 c6 2. d4 d5 3. Nc3 dxe4 4. Nxe4 Nf6 5. Nxf6+ exf6 6. c3 Bd6 7. Bd3 0-0 8. Ne2 Re8 9. Qc2 h5 10. Be3 Nd7 11. 0-0-0 Nf8 12. Kb1 Be6 13. c4 Rc8 14. Nc3 Bb4 15. Ne4 Be7 16. Nc5 Qc7 17. Nxe6 Nxe6 18. Bh7+ Kh8 19. Bf5 Bd6 20. d5 cxd5 21. Rxd5 Be5 22. f4 Bxf4 23. Bxe6 Rxe6 24. Rxh5+ Kg8 25. Qh7+ Kf8 26. Rc5 Qxc5 27. Bxc5+ Rxc5 28. Rd1 Ke7 29. Qd3 Rd6 30. Qe4+ Be5 31. Qxb7+ Ke6 32. Rxd6+ Bxd6 33. b3 a5 34. Qe4+ Re5 35. Qg4+ f5 36. Qxg7 Re1+ 37. Kc2 Re2+ 38. Kd1 Rxa2 39. Qd4 Bxh2 40. Qb6+ Kd7 41. c5 Bc7 42. Qb7 Rb2 43. Qd5+ Ke8 44. Qc6+ 1-0

[Event "Rio de Janeiro op"]
[Site "Rio de Janeiro"]
[Date "2022.04.24"]
[Round "6"]
[White "Ferreira, Thales Bond Dias"]
[Black "Bail, Ellen Larissa"]
[Result "1/2-1/2"]
[WhiteElo "2086"]
[BlackElo "1886"]
[PlyCount "77"]
[EventDate "2022.04.21"]
[EventType "swiss"]
[EventRounds "6"]
[EventCountry "BRA"]
[SourceTitle "EXT 2023"]
[Source "ChessBase"]
[SourceDate "2022.10.05"]
[SourceVersion "1"]
[SourceVersionDate "2022.10.05"]
[SourceQuality "1"]

1. d4 d5 2. c4 e6 3. Nf3 Nf6 4. g3 c6 5. Bg2 Bd6 6. 0-0 0-0 7. Nbd2 Nbd7 8. b3 e5 9. dxe5 Nxe5 10. cxd5 Nxd5 11. Bb2 Ng4 12. e4 Nb6 13. h3 Nh6 14. Qc2 f6 15. Rad1 Qc7 16. Rfe1 Re8 17. a4 a5 18. Nd4 Bd7 19. f4 Re7 20. N4f3 Nf7 21. Bc3 Qc8 22. Kh2 Qc7 23. Qb2 Ree8 24. Re2 Qb8 25. Rde1 Bc7 26. Nf1 c5 27. N1d2 Bc6 28. e5 fxe5 29. Nxe5 Bxg2 30. Kxg2 Nxe5 31. Bxe5 Bxe5 32. Rxe5 Rxe5 33. Qxe5 Qxe5 34. Rxe5 Rd8 35. Nc4 Nxc4 36. bxc4 Rd2+ 37. Kf3 Ra2 38. Rxc5 Rxa4 39. Rb5 1/2-1/2

[Event "Rio de Janeiro op"]
[Site "Rio de Janeiro"]
[Date "2022.04.21"]
[Round "2"]
[White "Aranha Filho, Alvaro Zimmermann"]
[Black "Bail, Ellen Larissa"]
[Result "1-0"]
[WhiteElo "2226"]
[BlackElo "1886"]
[PlyCount "43"]
[EventDate "2022.04.21"]
[EventType "swiss"]
[EventRounds "6"]
[EventCountry "BRA"]
[SourceTitle "CBM 207 Extra"]
[Source "ChessBase"]
[SourceDate "2022.05.31"]
[SourceVersion "1"]
[SourceVersionDate "2022.05.31"]
[SourceQuality "1"]

1. Nf3 d5 2. d4 Nf6 3. c4 e6 4. g3 Be7 5. Bg2 0-0 6. 0-0 a6 7. Nc3 c5 8. cxd5 Nxd5 9. Nxd5 Qxd5 10. dxc5 Qxd1 11. Rxd1 Bxc5 12. Ne5 a5 13. Bd2 Ra7 14. Nd3 Bd4 15. Rac1 Bd7 16. Bf4 b6 17. e3 Bf6 18. Bc7 b5 19. Bb6 Ra6 20. Bc5 e5 21. Bxf8 Kxf8 22. Nc5 1-0

[Event "Rio Negrinho Froebel Cup"]
[Site "Rio Negrinho"]
[Date "2022.04.09"]
[Round "4"]
[White "Boeck, Moacir Luis"]
[Black "Bail, Ellen Larissa"]
[Result "1/2-1/2"]
[WhiteElo "1856"]
[BlackElo "1886"]
[PlyCount "38"]
[EventDate "2022.04.08"]
[EventType "swiss"]
[EventRounds "6"]
[EventCountry "BRA"]
[SourceTitle "EXT 2023"]
[Source "ChessBase"]
[SourceDate "2022.10.05"]
[SourceVersion "1"]
[SourceVersionDate "2022.10.05"]
[SourceQuality "1"]

1. Nf3 d5 2. c4 e6 3. g3 Nf6 4. Bg2 Be7 5. 0-0 0-0 6. b3 b6 7. cxd5 exd5 8. Nc3 c5 9. d4 Bb7 10. Bb2 Re8 11. Rc1 Nbd7 12. Nh4 Ne4 13. Nxe4 dxe4 14. Nf5 Bf8 15. Qc2 Qg5 16. Ne3 Rac8 17. Qb1 Nf6 18. Rfd1 Rcd8 19. Nc4 Ng4 1/2-1/2

[Event "Rio Negrinho Froebel Cup"]
[Site "Rio Negrinho"]
[Date "2022.04.08"]
[Round "1"]
[White "Bail, Ellen Larissa"]
[Black "Calcada, Henrique Galvan"]
[Result "1-0"]
[WhiteElo "1886"]
[BlackElo "1350"]
[PlyCount "81"]
[EventDate "2022.04.08"]
[EventType "swiss"]
[EventRounds "6"]
[EventCountry "BRA"]
[SourceTitle "EXT 2023"]
[Source "ChessBase"]
[SourceDate "2022.10.05"]
[SourceVersion "1"]
[SourceVersionDate "2022.10.05"]
[SourceQuality "1"]

1. d4 d5 2. Nf3 Nf6 3. c4 e6 4. e3 c5 5. Nc3 Nc6 6. dxc5 Bxc5 7. cxd5 exd5 8. Bb5 0-0 9. 0-0 a6 10. Be2 Re8 11. Qc2 Qe7 12. Rd1 Be6 13. a3 Rac8 14. Qb1 a5 15. b3 Red8 16. Nb5 Bb6 17. Bb2 Ne4 18. h3 Na7 19. Nxa7 Bxa7 20. Rc1 Rxc1+ 21. Qxc1 Rc8 22. Qe1 Rc2 23. Bd4 Bxd4 24. Nxd4 Rc5 25. b4 axb4 26. axb4 Rc8 27. Bd3 g6 28. Ra7 Nd6 29. Qa1 Qc7 30. Ra8 Qd7 31. Nb3 Nc4 32. Nc5 Qc6 33. Qa7 Nd6 34. Qa1 b6 35. Nxe6 fxe6 36. Rxc8+ Qxc8 37. Qd4 b5 38. Qc5 Qd7 39. Kf1 Kf7 40. h4 Ke7 41. g4 1-0

[Event "Rio Negrinho Froebel Cup"]
[Site "Rio Negrinho"]
[Date "2022.04.08"]
[Round "2"]
[White "De Souza, Lucio Teixeira"]
[Black "Bail, Ellen Larissa"]
[Result "0-1"]
[WhiteElo "1592"]
[BlackElo "1886"]
[PlyCount "120"]
[EventDate "2022.04.08"]
[EventType "swiss"]
[EventRounds "6"]
[EventCountry "BRA"]
[SourceTitle "EXT 2023"]
[Source "ChessBase"]
[SourceDate "2022.10.05"]
[SourceVersion "1"]
[SourceVersionDate "2022.10.05"]
[SourceQuality "1"]

1. c4 e6 2. Nf3 Nf6 3. g3 d5 4. Bg2 Be7 5. b3 b6 6. Bb2 Bb7 7. 0-0 0-0 8. e3 dxc4 9. bxc4 c5 10. Nc3 Nfd7 11. Qe2 Bf6 12. Rfd1 Qe7 13. d3 Rd8 14. Nb5 Nc6 15. Rac1 Nce5 16. Nxe5 Nxe5 17. Ba1 Bxg2 18. Kxg2 Qb7+ 19. f3 h6 20. Kf2 Qd7 21. Bxe5 Bxe5 22. f4 Bf6 23. Qf3 a6 24. Nc3 b5 25. cxb5 axb5 26. Qe2 Be7 27. Qc2 Ra3 28. Nb1 Rxd3 29. Rxd3 Qxd3 30. Qxd3 Rxd3 31. Ke2 Rd7 32. Nc3 Ra7 33. Rc2 Ra5 34. e4 c4 35. e5 b4 36. Nd1 f6 37. Kf3 Ra3+ 38. Kg4 fxe5 39. fxe5 c3 40. Ne3 Ra5 41. Kf3 Rxe5 42. Nc4 Rc5 43. Ne3 Bg5 44. Nf1 Rf5+ 45. Kg2 h5 46. h4 Bh6 47. Nh2 Rd5 48. Nf3 g6 49. Kf2 Kf7 50. Ke2 Bg7 51. Ng5+ Ke7 52. Nf3 Kd6 53. Ng5 e5 54. Ne4+ Ke6 55. Kf3 Bh6 56. g4 hxg4+ 57. Kxg4 Rd4 58. Kf3 Rd3+ 59. Kg4 Kd5 60. Nf6+ Kd4 0-1

[Event "Florianopolis op 8th"]
[Site "Florianopolis"]
[Date "2022.01.27"]
[Round "5"]
[White "Bail, Ellen Larissa"]
[Black "Lage, Pedro Ferreira"]
[Result "0-1"]
[WhiteElo "1864"]
[BlackElo "2112"]
[PlyCount "46"]
[EventDate "2022.01.24"]
[EventType "swiss"]
[EventRounds "10"]
[EventCountry "BRA"]
[SourceTitle "CBM 206 Extra"]
[Source "ChessBase"]
[SourceDate "2022.03.31"]
[SourceVersion "1"]
[SourceVersionDate "2022.03.31"]
[SourceQuality "1"]

1. d4 f5 2. Nf3 Nf6 3. c4 d6 4. g3 g6 5. Bg2 Bg7 6. b3 0-0 7. Bb2 Qe8 8. Qc2 Nc6 9. a3 e5 10. dxe5 dxe5 11. e3 e4 12. Nd4 Ne5 13. 0-0 Nd3 14. Bc3 Bd7 15. b4 Rd8 16. Nd2 Ng4 17. Ne2 Nge5 18. Bd4 g5 19. f3 Ba4 20. Qc3 exf3 21. Nxf3 Nxf3+ 22. Bxf3 Bxd4 23. exd4 Qe3+ 0-1

[Event "Florianopolis op 8th"]
[Site "Florianopolis"]
[Date "2022.01.26"]
[Round "4"]
[White "Bail, Ellen Larissa"]
[Black "Souza Neves, Andrey Marcelo"]
[Result "1-0"]
[WhiteElo "1864"]
[BlackElo "2107"]
[PlyCount "83"]
[EventDate "2022.01.24"]
[EventType "swiss"]
[EventRounds "10"]
[EventCountry "BRA"]
[SourceTitle "CBM 206 Extra"]
[Source "ChessBase"]
[SourceDate "2022.03.31"]
[SourceVersion "1"]
[SourceVersionDate "2022.03.31"]
[SourceQuality "1"]

1. d4 Nf6 2. Nf3 d5 3. e3 g6 4. c4 Bg7 5. cxd5 0-0 6. Be2 Nxd5 7. e4 Nb6 8. 0-0 Bg4 9. Nbd2 Nc6 10. d5 Nb8 11. a4 a5 12. h3 Bxf3 13. Nxf3 Na6 14. Qc2 Nb4 15. Qb3 Qe8 16. Be3 Kh8 17. Nd4 Nd7 18. Rac1 Rc8 19. Bb5 Qd8 20. Rfd1 Bxd4 21. Bxd4+ f6 22. Be2 h5 23. Qg3 Kh7 24. Qh4 Qe8 25. Bg4 c6 26. Bc3 Na2 27. dxc6 Nc5 28. Bxc8 Nxc1 29. Rxc1 Qxc8 30. cxb7 Qxb7 31. Bxa5 Ne6 32. Bc3 Rc8 33. Re1 Rc4 34. a5 Kg7 35. Re3 g5 36. Qxh5 Rxe4 37. Qf3 Nc5 38. Rxe4 Nxe4 39. Qe3 e5 40. a6 Qd5 41. a7 Nd6 42. Qd2 1-0

[Event "BRA-ch (Women) 60th"]
[Site "Cuiaba"]
[Date "2021.10.28"]
[Round "1"]
[White "Da Silva, Debora Oliveira Lop"]
[Black "Bail, Ellen Larissa"]
[Result "0-1"]
[WhiteElo "1389"]
[BlackElo "1833"]
[PlyCount "56"]
[EventDate "2021.10.28"]
[EventType "swiss"]
[EventRounds "11"]
[EventCountry "BRA"]
[SourceTitle "CBM 205 Extra"]
[Source "ChessBase"]
[SourceDate "2022.01.31"]
[SourceVersion "1"]
[SourceVersionDate "2022.01.31"]
[SourceQuality "1"]

1. e4 e6 2. d3 d5 3. Nd2 Nf6 4. g3 c5 5. Bg2 Nc6 6. Ngf3 Be7 7. 0-0 0-0 8. Re1 Qc7 9. Qe2 b5 10. e5 Nd7 11. c4 bxc4 12. dxc4 d4 13. Nb3 Rb8 14. Bf4 a5 15. Nc1 Ba6 16. b3 a4 17. Nd3 Rb6 18. Nd2 Kh8 19. Rab1 g5 20. Qh5 gxf4 21. Be4 f5 22. exf6 Nxf6 23. Qh6 fxg3 24. hxg3 Bb7 25. Nf4 Ne5 26. Nh5 Rf7 27. f4 Neg4 28. Qg5 Nxe4 0-1

[Event "Florianopolis op 09"]
[Site "Florianopolis"]
[Date "2021.09.26"]
[Round "5"]
[White "Gauche, Charles"]
[Black "Bail, Ellen Larissa"]
[Result "1-0"]
[WhiteElo "2155"]
[BlackElo "1803"]
[PlyCount "67"]
[EventDate "2021.09.24"]
[EventType "swiss"]
[EventRounds "6"]
[EventCountry "BRA"]
[SourceTitle "EXT 2024"]
[Source "ChessBase"]
[SourceDate "2023.10.10"]
[SourceVersion "1"]
[SourceVersionDate "2023.10.10"]
[SourceQuality "1"]

1. Nf3 d5 2. b3 Nf6 3. g3 g6 4. Bb2 Bg7 5. Bg2 0-0 6. c4 c6 7. 0-0 Bf5 8. d3 Qc8 9. Re1 Bh3 10. Nbd2 Bxg2 11. Kxg2 Rd8 12. Qc2 Na6 13. Rac1 c5 14. a3 Qd7 15. Be5 b6 16. Qb2 Ne8 17. Bxg7 Nxg7 18. cxd5 Qxd5 19. Rc4 Ne6 20. Re4 Nb8 21. Nc4 Nc6 22. Ne3 Qd6 23. Ng4 f6 24. Qc3 Kg7 25. Qd2 Rh8 26. Qe3 Ned4 27. Qh6+ Kf7 28. Rf4 Nxf3 29. exf3 Rad8 30. b4 Qxd3 31. Rxe7+ Kxe7 32. Qg7+ Kd6 33. Rxf6+ Kd5 34. Ne3+ 1-0

[Event "Florianopolis op 09"]
[Site "Florianopolis"]
[Date "2021.09.24"]
[Round "1"]
[White "Tavares, Weligtonn Renann"]
[Black "Bail, Ellen Larissa"]
[Result "1-0"]
[WhiteElo "1871"]
[BlackElo "1803"]
[PlyCount "49"]
[EventDate "2021.09.24"]
[EventType "swiss"]
[EventRounds "6"]
[EventCountry "BRA"]
[SourceTitle "EXT 2023"]
[Source "ChessBase"]
[SourceDate "2022.10.05"]
[SourceVersion "1"]
[SourceVersionDate "2022.10.05"]
[SourceQuality "1"]

1. d4 d5 2. Nf3 e6 3. Bf4 Nf6 4. e3 Be7 5. Bd3 0-0 6. Nbd2 b6 7. 0-0 Bb7 8. c3 Ba6 9. Bxa6 Nxa6 10. Qe2 Qc8 11. e4 dxe4 12. Nxe4 c5 13. Bd6 Bxd6 14. Nxd6 Qc7 15. Nxf7 Rxf7 16. Qxa6 Ng4 17. Qc4 Re8 18. dxc5 Rf4 19. Qb5 Ref8 20. h3 Nh6 21. cxb6 Qb7 22. Nd4 Nf5 23. Nxe6 Rh4 24. Nxf8 Rh5 25. Ne6 1-0